| 000 | 00514nam a22001937a 4500 | ||
|---|---|---|---|
| 003 | CEME | ||
| 005 | 20210628203442.0 | ||
| 008 | 210115b xxu||||| |||| 00| 0 eng d | ||
| 020 | _a8121920922 | ||
| 040 | _c. | ||
| 082 | _a658.45 JAI | ||
| 100 |
_aJain, Er.A.K _965560 |
||
| 245 | _aProfessional communication skills | ||
| 260 |
_aINDIA _bS.CHAND PUBLISHER _c2014 |
||
| 300 | _aV, 429P | ||
| 650 |
_aCOMMUNICATION SKILLS _965561 |
||
| 700 |
_aDr Bhatia, Pravin S.R, Dr A.M Sheikh _965562 |
||
| 942 |
_cBK _2ddc |
||
| 999 |
_c573729 _d573729 |
||